000 03009nam a2200277 4500
003 NALT
005 20250903141800.0
008 250901b th ||||| |||| 00| 0 tha d
020 _a9786164885004
040 _aNALT
050 _aPN 1995.9.P6
_bป818 2568
245 1 0 _a80 ปี วันสันติภาพไทย :
_b "พระเจ้าช้างเผือก" มรดกความทรงจำแห่งโลก /
_cบรรณาธิการ, กษิดิศ อนันทนาธร ; มหาวิทยาลัยธรรมศาสตร์.
250 _aพิมพ์ครั้งแรก
260 _aกรุงเทพฯ :
_bมหาวิทยาลัยธรรมศาสตร์,
_c2568.
300 _a149 หน้า :
_bภาพประกอบ ;
_c21 ซม.
505 0 _aคำนำ -- คำปรารภ -- ภาพยนตร์กับการเมือง สงครามกับสันติภาพ / ชาญวิทย์ เกษตรศิริ -- ศาสตร์แห่งพระราชาของพระเจ้าจักรา: อุดมคติทางการเมืองของสันติภาพในนวนิยายเรื่อง "พระเจ้าช้างเผือก" ของปรีดี พนมยงค์ / เขมภัทร ทฤษฎิคุณ -- ช้างกับชาติยุคคณะราษฎรมองผ่านภาพยนตร์ "พระเจ้าช้างเผือก" / นริศ จรัสจรรยาวงศ์ -- "พระเจ้าช้างเผือก" ในสายตาของนักวิจารณ์ภาพยนตร์ชาวอเมริกัน และผู้ชมชาวฟิลิปปินส์ / อาชญาสิทธิ์ ศรีสุวรรณ -- ภาพยนตร์ "พระเจ้าช้างเผือก" และเอกสารจดหมายเหตุ ได้รับการขึ้นทะเบียนเป็นมรดกความทรงจำแห่งโลก / สัณห์ชัย โชติรสเศรณี -- เอกสารการขึ้นทะเบียน "พระเจ้าช้างเผือก" มรดกความทรงจำแห่งโลก.
650 4 _aภาพยนตร์
_zไทย
_xแง่การเมือง
_930616
653 4 _aพระเจ้าช้างเผือก (ภาพยนตร์)
700 0 _aกษิดิศ อนันทนาธร.
_924030
710 2 _aมหาวิทยาลัยธรรมศาสตร์
_940005
942 _2lcc
_cGB
996 _ajidapa.t
_bACQSTF
_c2025-09-01
996 _avaree.k
_bLIBSTF
_c2025-09-02
996 _asaiphon.d
_bCATSTF
_c2025-09-03
999 _c107164
_d107164
998 _j104
_k นางสาวสายฝน ดีงาม